01076nam a2200265 i 4500003000900000005001700009007000300026008004100029020001800070040003000088082000700118100005700125245008500182264005200267300002800319336002700347337003300374338002800407500006300435590002600498910001500524942001400539952024000553999001700793DO-SdBNP20241009120921.0ta241009b2011 xxu||||| |||| 00| 0 spa d a9780615552194 aDO-SdBNPbspacBNPHUerda 4222 4aut.aPrida Busto, Juan Manuel,d1956-eautor92946710aLetra reunida cuatro en uno :bveinte años de prosa /cJuan Manuel Prida Busto 4aSanto Domingo :beditor no identificado,c2011. a536 páginas ;c22 cm. atextobtxt2rdacontent asin mediaciónbn2rdamedia avolumenbnc2rdacarrier aIncluye datos biográficos del autor en la contracubierta aInventariado, 2024/BT aBtavárez 2ddccLBS1 00102ddc51708PDaBNPHUbBNPHUcCTd2024-10-09eDonado por la Presidencia de la República Dominicana 2023l0oBNPHU PD p2024-5680r2024-10-09w2024-10-09yLBS1zPerteneció a la biblioteca personal de René Rodríguez Soriano. c57799d57799